La professio iuris sucesoria

Detalles Bibliográficos
Autor principal: Fontanellas Morell, Josep M
Formato: eBook
Lenguaje:español
Publicado: Madrid: Marcial Pons, 2010
Materias:
Acceso en línea:Acceso restringido

MARC

LEADER 00000nam a22000007a 4500
005 20161215233558.0
007 cr|||| ||||
008 161215s2010 es |||||s|||| 00||0 spa d
020 |a 978-84-9123-027-4 
035 |a 14702 
040 |a vLex 
090 |c 6508  |d 6508 
100 1 |a Fontanellas Morell, Josep M 
245 1 2 |a La professio iuris sucesoria  |h [Recurso electrn̤ico] /  |c Josep M Fontanellas Morell 
256 |a Servicio en ln̕ea 
260 |a Madrid:  |b Marcial Pons,  |c 2010 
300 |a 1 recurso electrn̤ico 
500 |a El 14 de octubre de 2009, la Comisin̤ de las Comunidades Europeas ha presentado la Propuesta de Reglamento del Parlamento Europeo y del Consejo relativo a la competencia, la ley aplicable, el reconocimiento y la ejecucin̤ de las resoluciones y los actos autňticos en materia de sucesiones y a la creacin̤ de un certificado sucesorio europeo. En el sector del Derecho aplicable, la iniciativa comunitaria prev ̌la consagracin̤ legislativa de la professio iuris, esto es, la posibilidad de que el causante elija, dentro de ciertos lm̕ites, la ley que debe regir su sucesin̤ mortis causa. La presente monografa̕ est ̀completamente dedicada a esta institucin̤, de la que se estudia con detalle tanto su origen, su evolucin̤ histr̤ica y su presencia en el Derecho internacional privado contemporǹeo, como su naturaleza, su rǧimen jurd̕ico y su razn̤ de ser en el trf̀ico jurd̕ico externo de nuestro tiempo. Dado que la implantacin̤ de la professio iuris representar ̀una novedad muy importante para la mayora̕ de pas̕es comunitarios que, como Espaą, cierran de lege lata la puerta a la figura, es conveniente que los ter̤icos y los prc̀ticos del Derecho tengan un conocimiento adecuado de una institucin̤ que, sin duda, va a revolucionar las sucesiones internacionales, ya que permitir ̀a las personas establecidas en un Estado distinto del suyo de origen testar, a su eleccin̤, con arreglo al Derecho de su patria o al del pas̕ en donde residen con todas las consecuencias que, desde el punto de vista del Derecho sustantivo, ello comporta.  
506 1 |a Disponible solo en los productos indicados  |d vLex Global  |d vLex Global (Academic Edition, excluding Law Schools)  |d vLex Global (U.S. Academic Edition, Law Schools)  |d vLex Global (U.S. Academic Edition, excluding Law Schools)  |d vLex Global (Academic Edition, Law Schools) 
650 0 4 |a Derecho Civil  |z Espaą 
650 0 4 |a Sucesiones  |z Espaą 
740 0 |a vLex Libros (Servicio en ln̕ea) 
856 4 0 |u http://vlex.com/source/professio-iuris-sucesoria-14702  |z Acceso restringido 
942 |c BOOK 
999 0 |a Civil Law 
999 0 |a Successions